Procedimientos aduaneros I/ (Registro nro. 8154)

Detalles MARC
000 -LEADER
fixed length control field 00762nam a2200229Ia 4500
005 - FECHA Y HORA DE LA ÚLTIMA TRANSACCIÓN
control field 20241024150500.0
008 - FIXED-LENGTH DATA ELEMENTS--GENERAL INFORMATION
fixed length control field 230508s9999 xx 000 0 und d
020 ## - INTERNATIONAL STANDARD BOOK NUMBER
International Standard Book Number 9788486882174
040 ## - CATALOGING SOURCE
Original cataloging agency UPAN
Transcribing agency Biblioteca San Vicente
Description conventions RCAA2
041 ## - LANGUAGE CODE
Language code of text/sound track or separate title spa
082 ## - DEWEY DECIMAL CLASSIFICATION NUMBER
Classification number 343.087
Item number C334p
año de publicación 2008
100 ## - MAIN ENTRY--PERSONAL NAME
Personal name Caballeno Perez, Miguel
Relator code aut.
245 #0 - TITLE STATEMENT
Title Procedimientos aduaneros I/
Remainder of title Miguel Cabello Pèrez
250 ## - EDITION STATEMENT
Edition statement 2° ed.
260 ## - PUBLICATION, DISTRIBUTION, ETC. (IMPRINT)
Place of publication, distribution, etc s.l.:
Name of publisher, distributor, etc Taric,
Date of publication, distribution, etc 2008
300 ## - PHYSICAL DESCRIPTION
Extent 263 p.:
Dimensions 24 cm.
505 ## - FORMATTED CONTENTS NOTE
Formatted contents note Titulo primero. Uniòn aduanera comunitaria<br/>Titulo segundo. El despacho aduanero<br/>Titulo tercero. Operador econòmico (OEA)
650 ## - SUBJECT ADDED ENTRY--TOPICAL TERM
Source of heading or term LEMB
Topical term or geographic name as entry element Procesos
650 ## - SUBJECT ADDED ENTRY--TOPICAL TERM
Source of heading or term LEMB
Topical term or geographic name as entry element Aduanales
700 ## - ADDED ENTRY--PERSONAL NAME
Personal name José Miguel Caballeno Gonzalez,
Relator code col.
942 ## - ADDED ENTRY ELEMENTS (KOHA)
Koha item type Libros
Source of classification or shelving scheme Dewey Decimal Classification
Existencias
Withdrawn status Lost status Source of classification or shelving scheme Damaged status Not for loan Collection code Home library Current library Date acquired Total Checkouts Full call number Barcode Date last seen Copy number Price effective from Koha item type
    Dewey Decimal Classification     Colección General Biblioteca UPAN San Vicente Biblioteca UPAN San Vicente 08/05/2023   343.087 C334p 12003845 08/05/2023 01 08/05/2023 Libros
    Dewey Decimal Classification     Colección General Biblioteca UPAN San Vicente Biblioteca UPAN San Vicente 08/05/2023   343.087 C334p 12003846 16/05/2023 02 08/05/2023 Libros
    Dewey Decimal Classification     Colección General Biblioteca UPAN San Vicente Biblioteca UPAN San Vicente 08/05/2023   343.087 C334p 12003847 16/05/2023 03 08/05/2023 Libros